Werte der Farben beim Snooker - Statistiken

Allgemein
  • Dieses Quiz wurde 190 mal gespielt
  • Das Durchschnittsergebnis liegt bei 6 aus 8
Antwortstatistiken
Hint Antwort % Korrekt
Weiß Spielball
86%
Rot 1 Punkt
84%
Schwarz 7 Punkte
83%
Pink 6 Punkte
75%
Gelb 2 Punkte
69%
Blau 5 Punkte
69%
Grün 3 Punkte
62%
Braun 4 Punkte
50%
Keine übereinstimmenden Quizze gefunden
Verteilung der Resultate
Anzahl Personen mit jedem Resultat
Perzentil nach korrekt beantworteten Fragen
Ihre Resultats-Entwicklung
Sie haben dieses Quiz noch nicht gespielt